| 000 | 00380pam a2200145a 44500 | ||
|---|---|---|---|
| 008 | 230405s2017 xxu||||| |||| 00| 0 eng d | ||
| 041 | _aENG | ||
| 100 | _aKHANUM A | ||
| 245 | _aFUNDAMENTALS OF BIOSTSTISTIES | ||
| 250 | _aED.I, 1994 Ed. | ||
| 260 |
_aHYDERBAD _bUKAAZ PUB _c2017 |
||
| 300 | _a492p. | ||
| 440 | _aUNIVERSAL BOOK STOLL, PUNE,B-142, DT-16/09/2003 | ||
| 906 | _a478 | ||
| 999 |
_c289356 _d289356 |
||